| 000 -LEADER |
| fixed length control field |
02134nam a22006257a 4500 |
| 001 - CONTROL NUMBER |
| control field |
4882868 |
| 003 - CONTROL NUMBER IDENTIFIER |
| control field |
LIBRIS |
| 005 - DATE AND TIME OF LATEST TRANSACTION |
| control field |
20210426111215.0 |
| 008 - FIXED-LENGTH DATA ELEMENTS--GENERAL INFORMATION |
| fixed length control field |
011211s1995 xxu 000 0 eng c |
| 020 ## - INTERNATIONAL STANDARD BOOK NUMBER |
| International Standard Book Number |
0393035018 |
| 020 ## - INTERNATIONAL STANDARD BOOK NUMBER |
| International Standard Book Number |
039331510X (hft.) ; |
| Terms of availability |
�18.50 : CIP entry (July) |
| 040 ## - CATALOGING SOURCE |
| Original cataloging agency |
U |
| Transcribing agency |
DLC |
| 080 ## - UNIVERSAL DECIMAL CLASSIFICATION NUMBER |
| Universal Decimal Classification number |
001 |
| Item number |
C-68 |
| 082 ## - DEWEY DECIMAL CLASSIFICATION NUMBER |
| Classification number |
509.22 |
| Edition number |
20 |
| 082 ## - DEWEY DECIMAL CLASSIFICATION NUMBER |
| Classification number |
509.22 |
| Edition number |
20 |
| 084 ## - OTHER CLASSIFICATION NUMBER |
| Classification number |
U:kqa.4 |
| Number source |
kssb/6 |
| 084 ## - OTHER CLASSIFICATION NUMBER |
| Classification number |
Kqa.41 |
| Number source |
kssb/6 |
| 084 ## - OTHER CLASSIFICATION NUMBER |
| Classification number |
Kqa.46 |
| Number source |
kssb/6 |
| 084 ## - OTHER CLASSIFICATION NUMBER |
| Classification number |
O:d |
| Number source |
kssb/6 |
| 084 ## - OTHER CLASSIFICATION NUMBER |
| Classification number |
U:kqa.41 |
| Number source |
kssb/6 |
| 084 ## - OTHER CLASSIFICATION NUMBER |
| Classification number |
U:kqa.41 |
| Number source |
kssb/6 |
| 084 ## - OTHER CLASSIFICATION NUMBER |
| Classification number |
Kqa.41 |
| Number source |
kssb/6 |
| 084 ## - OTHER CLASSIFICATION NUMBER |
| Classification number |
U:kqa.41 |
| Number source |
kssb/6 |
| 084 ## - OTHER CLASSIFICATION NUMBER |
| Classification number |
Kqa.41 |
| Number source |
kssb/6 |
| 084 ## - OTHER CLASSIFICATION NUMBER |
| Classification number |
U:kqa.4 |
| Number source |
kssb/6 |
| 084 ## - OTHER CLASSIFICATION NUMBER |
| Classification number |
Kqa.41 |
| Number source |
kssb/6 |
| 084 ## - OTHER CLASSIFICATION NUMBER |
| Classification number |
Kqa.46 |
| Number source |
kssb/6 |
| 084 ## - OTHER CLASSIFICATION NUMBER |
| Classification number |
O:d |
| Number source |
kssb/6 |
| 084 ## - OTHER CLASSIFICATION NUMBER |
| Classification number |
U:kqa.41 |
| Number source |
kssb/6 |
| 084 ## - OTHER CLASSIFICATION NUMBER |
| Classification number |
Kqa.41 |
| Number source |
kssb/6 |
| 100 1# - MAIN ENTRY--PERSONAL NAME |
| Personal name |
Cohen, I. Bernard, |
| Dates associated with a name |
1914-2003. |
| Authority record control number or standard number |
181955 |
| 245 00 - TITLE STATEMENT |
| Title |
Science and the founding fathers : |
| Remainder of title |
science in the political thought of Jefferson, Franklin, Adams and Madison / |
| Statement of responsibility, etc. |
I. Bernard Cohen |
| 250 ## - EDITION STATEMENT |
| Edition statement |
1. ed. |
| 260 ## - PUBLICATION, DISTRIBUTION, ETC. |
| Place of publication, distribution, etc. |
New York : |
| Name of publisher, distributor, etc. |
Norton, |
| Date of publication, distribution, etc. |
1995 |
| 300 ## - PHYSICAL DESCRIPTION |
| Extent |
368 s. : |
| Other physical details |
ill. ; |
| Dimensions |
24cm |
| 600 14 - SUBJECT ADDED ENTRY--PERSONAL NAME |
| Personal name |
Jefferson, Thomas |
| Dates associated with a name |
1743-1826 |
| Authority record control number or standard number |
191576 |
| 600 14 - SUBJECT ADDED ENTRY--PERSONAL NAME |
| Personal name |
Franklin, Benjamin, |
| Dates associated with a name |
1706-1790 |
| Authority record control number or standard number |
54072 |
| 600 14 - SUBJECT ADDED ENTRY--PERSONAL NAME |
| Personal name |
Adams, John |
| 600 14 - SUBJECT ADDED ENTRY--PERSONAL NAME |
| Personal name |
Madison, James |
| 653 ## - INDEX TERM--UNCONTROLLED |
| Uncontrolled term |
Science, General |
| -- |
მეცნიერება |
| 900 1s - EQUIVALENCE OR CROSS-REFERENCE-PERSONAL NAME [LOCAL, CANADA] |
| Linkage |
600 |
| Dates associated with a name |
1706-1790 |
| Affiliation |
Franklin, Benjamin, |
| Dates associated with a name |
1706-1790 |
| 900 1s - EQUIVALENCE OR CROSS-REFERENCE-PERSONAL NAME [LOCAL, CANADA] |
| Linkage |
600 |
| Dates associated with a name |
1706-1790 |
| Affiliation |
Franklin, Benjamin, |
| Dates associated with a name |
1706-1790 |
| 900 1s - EQUIVALENCE OR CROSS-REFERENCE-PERSONAL NAME [LOCAL, CANADA] |
| Linkage |
100 |
| Dates associated with a name |
1914-2003 |
| Affiliation |
Cohen, I. Bernard, |
| Dates associated with a name |
1914-2003 |
| 900 1s - EQUIVALENCE OR CROSS-REFERENCE-PERSONAL NAME [LOCAL, CANADA] |
| Linkage |
100 |
| Dates associated with a name |
1914-2003 |
| Affiliation |
Cohen, I. Bernard, |
| Dates associated with a name |
1914-2003 |
| 942 ## - ADDED ENTRY ELEMENTS (KOHA) |
| Source of classification or shelving scheme |
|
| Koha item type |
Books |